Ashoka in history and Historical memory/ (Record no. 165530)

MARC details
000 -LEADER
fixed length control field 00558nam a22001937a 4500
005 - DATE AND TIME OF LATEST TRANSACTION
control field 20190621104255.0
010 ## - LCCN (DPL NO)
LC control number B-125692
020 ## - INTERNATIONAL STANDARD BOOK NUMBER
International Standard Book Number 9789385085376
Terms of availability 650.00
035 ## - SYSTEM CONTROL NUMBER
System control number EN-109224
037 ## - SOURCE OF ACQUISITION
Source of stock number/acquisition DBAD/PUB
082 ## - DEWEY DECIMAL CLASSIFICATION NUMBER
Classification number 934.045
100 ## - MAIN ENTRY--PERSONAL NAME
Personal name Tripathi, Arvind
245 ## - TITLE STATEMENT
Title Ashoka in history and Historical memory/
Statement of responsibility, etc by Arvind Tripathi
260 ## - PUBLICATION, DISTRIBUTION, ETC. (IMPRINT)
Place of publication, distribution, etc Ghaziabad
Name of publisher, distributor, etc A.J. Books
Date of publication, distribution, etc 2017
270 ## - ADDRESS
Address B-46-A, Nandgram
City Ghaziabad U.P
300 ## - PHYSICAL DESCRIPTION
Extent viii,152p.
Dimensions 22cm(Hb)
Other physical details ill.
500 ## - GENERAL NOTE
General note include index
942 ## - ADDED ENTRY ELEMENTS (KOHA)
Source of classification or shelving scheme Dewey Decimal Classification
Item type English Books
Classification part 934.045
Call number suffix TRI
Holdings
Withdrawn status Lost status Not for loan Collection code Home library Current library Date acquired Source of acquisition Cost, normal purchase price Full call number Barcode Copy number Cost, replacement price Koha item type
      Non-fiction D.B.Act.Division Mobile Library 21/06/2019 DBAD/PUB 650.00 934.045 TRI EN-109224 1 650.00 English Books

© Delhi Public Library
Hit Counter
free hit counter